| 000 | 00562cam a22002053a 4500 | ||
|---|---|---|---|
| 001 | 35172 | ||
| 003 | PGUSA | ||
| 005 | 20140828083746.0 | ||
| 008 | 110204s2011||||xxu|||||s|||||000 | eng d | ||
| 040 |
_aPGUSA _beng |
||
| 042 | _adc | ||
| 100 | 1 | _aMorgan, J. H. | |
| 245 | 1 | 4 |
_aThe New Irish Constitution _h[electronic resource] / _cJ. H. Morgan |
| 260 |
_bProject Gutenberg, _c2011 |
||
| 506 | _aPublic domain in the USA. | ||
| 516 | _aElectronic text | ||
| 830 | 0 |
_aProject Gutenberg _v35172 |
|
| 856 | 4 | 0 | _uhttp://www.gutenberg.org/ebooks/35172 |
| 942 | _cEB | ||
| 999 |
_c264427 _d264427 |
||